000 00445ntaaa2200181 4500
003 01
005 20251027202326.0
008 0714s1973 ag 01
040 _aAR-BaBN
_bspa
_cAR-BaBN
_eaacr
_dRIC
082 _a290.0000 J23
100 _aJames, E.O.
_920112
245 _aHistory of religions
250 _a1 ed.
260 _aLondon :
_bEnglish Universities Press,
_cc1956
300 _a237 p
650 _areligiones-historia
942 _cBK
999 _c18068
_d18068